[Event "chess.com Junior Speed"]
[Site "chess.com INT"]
[Date "2019.06.15"]
[Round "1.22"]
[White "Smirnov, Anton"]
[Black "Xiong, Jeffery"]
[Result "1/2-1/2"]
[WhiteTitle "GM"]
[BlackTitle "GM"]
[WhiteElo "2567"]
[BlackElo "2679"]
[WhiteFideId "3208923"]
[BlackFideId "2047640"]
[EventDate "2019.05.16"]

1. d4 g6 2. c4 Bg7 3. Nc3 d6 4. Nf3 Nc6 5. e4 Bg4 6. d5 Nd4 7. Be2 Bxf3 8. Bxf3
e5 9. O-O Ne7 10. Be3 O-O 11. Nb5 c5 12. dxc6 Nexc6 13. Nxd4 Nxd4 14. Bxd4 exd4
15. Be2 d3 16. Bxd3 Bxb2 17. Rb1 Bd4 18. Rxb7 Bb6 19. Be2 Qc8 20. Qd5 Rb8 21.
Rxb8 Qxb8 22. h4 Re8 23. g3 Re5 24. Qd3 Qe8 25. Bf3 Ra5 26. a3 Qe5 27. Kg2 Bc5
28. h5 Rxa3 29. Qd2 Qf6 30. Qf4 Qxf4 31. gxf4 Kg7 32. hxg6 hxg6 33. e5 dxe5 34.
fxe5 Ra2 35. Be4 Bd4 36. Kf3 Bxe5 37. c5 f5 38. Bd5 Rc2 39. c6 Bd4 40. Kg3 Kf6
41. f4 Rc5 42. Bf3 g5 43. Rd1 gxf4+ 44. Kxf4 Rc4 45. Bd5 Be5+ 46. Ke3 Rc3+ 47.
Ke2 a5 48. Rb1 a4 49. Rb7 a3 50. Ra7 Kg5 51. Kd2 Rc5 52. Bh1 Bd6 53. Rxa3 Rxc6
54. Bxc6 Bxa3 55. Ke2 Bd6 56. Bf3 Be7 57. Kf2 Bf6 58. Bd5 Bg7 59. Kf3 Be5 60.
Be6 f4 61. Bd5 Bc7 62. Ke4 Bb8 63. Be6 Ba7 64. Bh3 Bb6 65. Bg2 Ba5 66. Bf3 Bd8
67. Be2 Bf6 68. Bf3 Bg7 69. Be2 Bh6 70. Bf3 Bf8 71. Be2 Be7 72. Bf3 Bf6 73. Be2
Bg7 74. Bf3 Bh6 75. Be2 Bg7 76. Bf3 Bh6 77. Bd1 Kf6 78. Bf3 Ke6 79. Be2 Kd6 80.
Bf3 Kc5 81. Bg4 Kc4 82. Kf3 Kc3 83. Bh3 Kd3 84. Bg4 Kd2 85. Bh3 Ke1 86. Bg4 Kd2
87. Bf5 Kc3 88. Bg4 Kd4 89. Bh3 Ke5 90. Bg2 Bf8 91. Bf1 Be7 92. Bg2 Bd8 93. Bf1
Bc7 94. Bg2 Bb6 95. Bf1 Bc5 96. Bg2 Bd6 97. Bh3 Kd4 98. Bg2 Kc3 99. Bh3 Kd2 100.
Bf5 Ke1 101. Bg4 Bc7 102. Bf5 Bb8 103. Bg6 Bc7 104. Bf5 Kf1 105. Bg6 Kg1 106.
Bf5 Kh2 107. Be4 Kh3 108. Bd3 Kh4 109. Be4 Kg5 110. Bd3 Kf6 1/2-1/2

[Event "chess.com Junior Speed"]
[Site "chess.com INT"]
[Date "2019.06.15"]
[Round "1.23"]
[White "Xiong, Jeffery"]
[Black "Smirnov, Anton"]
[Result "0-1"]
[WhiteTitle "GM"]
[BlackTitle "GM"]
[WhiteElo "2679"]
[BlackElo "2567"]
[WhiteFideId "2047640"]
[BlackFideId "3208923"]
[EventDate "2019.05.16"]

1. d4 d5 2. c4 c6 3. Nf3 Nf6 4. Nc3 e6 5. Bg5 h6 6. Bh4 Nbd7 7. e3 g5 8. Bg3 Nh5
9. Nd2 Nxg3 10. hxg3 Bg7 11. Bd3 Qe7 12. cxd5 exd5 13. O-O O-O 14. Bf5 Nf6 15.
Qc2 Bxf5 16. Qxf5 Rae8 17. Rfe1 Qd6 18. Rad1 Nd7 19. e4 Bxd4 20. exd5 Bxc3 21.
bxc3 Qxd5 22. Qc2 Rxe1+ 23. Rxe1 Nf6 24. Nf3 Re8 25. Rxe8+ Nxe8 26. c4 Qe6 27.
Nd4 Qe5 28. Nf5 h5 29. Ne3 Nd6 30. Qd3 g4 31. Qa3 a6 32. Qd3 Ne4 33. Qc2 Qd4 34.
Nf5 Qa1+ 35. Kh2 Qe5 36. Nh4 Nd6 37. Qd3 b5 38. cxb5 axb5 39. Qc2 c5 40. f4 Qd5
41. Qc3 c4 42. Qf6 Ne4 43. Qh6 c3 44. f5 Qe5 45. Qxh5 Qxg3+ 46. Kh1 c2 47. Qh6
Qe1+ 48. Kh2 c1=Q 49. Qxc1 Qxc1 50. g3 Qe1 51. Ng2 Qxg3+ 52. Kg1 Qf2+ 53. Kh2
Ng5 54. Kh1 Nf3 0-1

[Event "chess.com Junior Speed"]
[Site "chess.com INT"]
[Date "2019.06.15"]
[Round "1.24"]
[White "Smirnov, Anton"]
[Black "Xiong, Jeffery"]
[Result "0-1"]
[WhiteTitle "GM"]
[BlackTitle "GM"]
[WhiteElo "2567"]
[BlackElo "2679"]
[WhiteFideId "3208923"]
[BlackFideId "2047640"]
[EventDate "2019.05.16"]

1. Nf3 g6 2. c4 Bg7 3. Nc3 c5 4. d4 cxd4 5. Nxd4 Nc6 6. Nb3 a5 7. Bf4 a4 8. Nd2
a3 9. Rb1 axb2 10. Qc2 Nb4 11. Qb3 Qa5 12. Nb5 Na6 13. e4 d6 14. Be2 Nc5 15. Qc2
Nf6 16. e5 Bf5 17. exf6 Bxc2 18. fxg7 Rg8 19. Rxb2 Nd3+ 20. Bxd3 Bxd3 21. Bh6
Bxc4 22. Nd4 Qe5+ 0-1

[Event "chess.com Junior Speed"]
[Site "chess.com INT"]
[Date "2019.06.15"]
[Round "1.25"]
[White "Xiong, Jeffery"]
[Black "Smirnov, Anton"]
[Result "0-1"]
[WhiteTitle "GM"]
[BlackTitle "GM"]
[WhiteElo "2679"]
[BlackElo "2567"]
[WhiteFideId "2047640"]
[BlackFideId "3208923"]
[EventDate "2019.05.16"]

1. d4 d5 2. c4 c6 3. Nf3 Nf6 4. cxd5 cxd5 5. Nc3 Nc6 6. Bf4 Ne4 7. e3 Nxc3 8.
bxc3 e6 9. Nd2 Bd6 10. Bxd6 Qxd6 11. c4 dxc4 12. Nxc4 Qb4+ 13. Qd2 Qxd2+ 14.
Kxd2 Ke7 15. Be2 Bd7 16. Rhc1 Rhc8 17. Bf3 Rc7 18. Ne5 Rac8 19. Nxd7 Kxd7 20. d5
Ne5 21. dxe6+ Kxe6 22. Be2 Rd8+ 23. Ke1 Nd3+ 24. Bxd3 Rxc1+ 25. Rxc1 Rxd3 26.
Rc7 Ra3 27. Rxb7 Rxa2 28. g4 a5 29. Ra7 a4 30. Kf1 a3 31. Kg2 Kd5 32. Rxf7 Rb2
33. Rxg7 a2 34. Ra7 Kc4 35. Kf3 Kb3 36. e4 Rb1 37. e5 a1=Q 38. Rxa1 Rxa1 39. Ke4
Kc4 40. f4 Re1+ 41. Kf5 Kd5 42. h4 Kc6 43. Ke6 Re4 44. f5 Rxg4 45. f6 Rxh4 46.
Kf7 Re4 47. e6 h5 48. e7 Kd7 49. Kg8 Rxe7 50. fxe7 Kxe7 51. Kg7 h4 52. Kg6 h3
53. Kf5 h2 54. Ke5 h1=Q 55. Kd4 Qf3 56. Ke5 Qf6+ 57. Kd5 Qd6+ 58. Ke4 Ke6 59.
Ke3 Qe5+ 60. Kd3 Kd5 61. Kc2 Qd4 62. Kb3 Qd3+ 63. Kb4 Qc4+ 64. Ka3 Qb5 65. Ka2
Kc4 66. Ka1 Kc3 0-1

[Event "chess.com Junior Speed"]
[Site "chess.com INT"]
[Date "2019.06.15"]
[Round "1.26"]
[White "Smirnov, Anton"]
[Black "Xiong, Jeffery"]
[Result "0-1"]
[WhiteTitle "GM"]
[BlackTitle "GM"]
[WhiteElo "2567"]
[BlackElo "2679"]
[WhiteFideId "3208923"]
[BlackFideId "2047640"]
[EventDate "2019.05.16"]

1. Nf3 g6 2. d4 Bg7 3. g3 d6 4. Bg2 Nf6 5. O-O O-O 6. b3 Nc6 7. Bb2 a5 8. c4 a4
9. Nbd2 Bf5 10. Re1 Ne4 11. Nh4 a3 12. Bxe4 axb2 13. Rb1 Bxe4 14. Nxe4 Bxd4 15.
a4 Qd7 16. e3 Bg7 17. Nc5 Qc8 18. Nd3 Qh3 19. Nxb2 Ne5 20. Nd3 Ng4 21. Nf3 e5
22. e4 f5 23. Qe2 Bh6 24. Red1 fxe4 25. Qxe4 Rxf3 26. Qxf3 Qxh2+ 27. Kf1 Ne3+
28. Ke2 Nxd1 29. Rxd1 Rf8 30. Rh1 Rxf3 31. Rxh2 e4 32. Ne1 Rxb3 33. Rxh6 Rc3 34.
Ng2 Rxc4 35. a5 Ra4 36. Ke3 Rxa5 37. Kxe4 Re5+ 38. Kd3 Rd5+ 39. Ke2 b5 40. Rh4
c5 41. Ne3 Re5 42. Kd3 Kg7 43. Rh1 d5 44. Ra1 h5 45. Ra7+ Kh6 46. f4 c4+ 47. Kd2
Re4 48. Rd7 d4 49. Nd5 Re6 50. Rb7 Ra6 51. Rxb5 Ra2+ 52. Kc1 Rg2 53. Rb7 c3 54.
Nf6 g5 55. f5 g4 56. Ne4 d3 57. Rb6+ Kh7 58. Ng5+ Kg8 59. Rb8+ Kg7 60. Ne6+ Kf6
61. Kb1 Rg1+ 62. Ka2 c2 63. Rc8 c1=Q 0-1

[Event "chess.com Junior Speed"]
[Site "chess.com INT"]
[Date "2019.06.15"]
[Round "1.27"]
[White "Xiong, Jeffery"]
[Black "Smirnov, Anton"]
[Result "1-0"]
[WhiteTitle "GM"]
[BlackTitle "GM"]
[WhiteElo "2679"]
[BlackElo "2567"]
[WhiteFideId "2047640"]
[BlackFideId "3208923"]
[EventDate "2019.05.16"]

1. Nf3 d5 2. b3 Nf6 3. Bb2 Bg4 4. g3 Bxf3 5. exf3 Nbd7 6. Bg2 e6 7. O-O Bd6 8.
f4 O-O 9. d3 e5 10. fxe5 Bxe5 11. c3 c6 12. Nd2 Re8 13. Qc2 a5 14. Rfe1 a4 15.
Nf3 a3 16. Bc1 Bd6 17. Bd2 Qc7 18. Nd4 Rxe1+ 19. Rxe1 Re8 20. Qd1 Bf8 21. b4 c5
22. bxc5 Nxc5 23. Rxe8 Nxe8 24. Bxd5 Nxd3 25. Qe2 Qd7 26. Bc4 Nb2 27. Bb5 Qf5
28. Nxf5 1-0

[Event "chess.com Junior Speed"]
[Site "chess.com INT"]
[Date "2019.06.15"]
[Round "1.28"]
[White "Smirnov, Anton"]
[Black "Xiong, Jeffery"]
[Result "0-1"]
[WhiteTitle "GM"]
[BlackTitle "GM"]
[WhiteElo "2567"]
[BlackElo "2679"]
[WhiteFideId "3208923"]
[BlackFideId "2047640"]
[EventDate "2019.05.16"]

1. d4 b5 2. Nf3 Bb7 3. e3 a6 4. a4 b4 5. Bd3 e6 6. O-O g5 7. e4 g4 8. Ne5 h5 9.
f3 d6 10. Nc4 g3 11. hxg3 h4 12. g4 Bg7 13. Be3 h3 14. g3 Nc6 15. c3 h2+ 16. Kh1
bxc3 17. bxc3 Nge7 18. Nba3 d5 19. Nd2 dxe4 20. fxe4 Ne5 21. Be2 N5g6 22. Bf3
Rb8 23. e5 c5 24. Bxb7 Rxb7 25. Qf3 Qd5 26. Nac4 Qxf3+ 27. Rxf3 O-O 28. Nd6 Rc7
29. N2e4 Nd5 30. Bf2 cxd4 31. cxd4 Rc2 32. g5 Rb8 33. Rf1 Rbb2 34. Nxf7 Re2 35.
Nfd6 Bxe5 36. dxe5 Nxe5 37. Ra3 Ng4 38. Bd4 Rb4 39. Nf6+ Ndxf6 40. gxf6 Rxd4 41.
f7+ Kf8 42. Rb3 Nf2+ 43. Kxh2 Rxd6 44. Rb8+ Kxf7 45. Kg2 Rdd2 46. Rb6 a5 47. Ra6
Ke7 48. Ra7+ Kd6 49. Rxa5 Ne4+ 0-1

[Event "chess.com Junior Speed"]
[Site "chess.com INT"]
[Date "2019.06.15"]
[Round "1.29"]
[White "Xiong, Jeffery"]
[Black "Smirnov, Anton"]
[Result "1-0"]
[WhiteTitle "GM"]
[BlackTitle "GM"]
[WhiteElo "2679"]
[BlackElo "2567"]
[WhiteFideId "2047640"]
[BlackFideId "3208923"]
[EventDate "2019.05.16"]

1. b4 e5 2. a3 d5 3. Bb2 Bd6 4. Nf3 Nd7 5. e3 Ngf6 6. d4 e4 7. Nfd2 O-O 8. c4 c6
9. Nc3 Re8 10. g4 h6 11. h4 Nf8 12. g5 Bg4 13. Be2 Bxe2 14. Qxe2 hxg5 15. hxg5
N6h7 16. cxd5 cxd5 17. Nxd5 Nxg5 18. Qh5 Ng6 19. Ke2 Bf8 20. Rag1 f6 21. Nc3 Ne7
22. Ncxe4 Nxe4 23. Nxe4 Nd5 24. Qg6 Qe7 25. Qh7+ Kf7 26. Qh5+ Ke6 27. Rc1 Rad8
28. Nc5+ Kd6 29. Qh2+ Kc6 30. Na4+ Kd7 31. Qh3+ Qe6 32. Nc5+ Bxc5 33. Qxe6+ Rxe6
34. Rxc5 Nb6 35. Rhc1 Rc6 36. Rxc6 bxc6 37. Rg1 g5 38. e4 Nc4 39. Bc1 Re8 40.
Kd3 Nd6 41. f3 Nf7 42. f4 gxf4 43. Bxf4 Rh8 44. Rg7 Ke6 45. d5+ cxd5 46. exd5+
Ke7 47. Be3 Rh5 48. Bc5+ Ke8 49. Ke4 Ng5+ 50. Kf5 Nf7+ 51. Kxf6 Rh6+ 52. Kf5
Rh5+ 53. Ke4 Rh4+ 54. Kd3 a6 55. a4 Ne5+ 56. Kc3 Rh3+ 57. Kd4 Nf3+ 58. Ke4 Nd2+
59. Kf5 Rh5+ 60. Ke6 Rh6+ 61. Ke5 Rh5+ 62. Kd6 Ne4+ 63. Kc6 Nc3 64. d6 Rh6 65.
Kc7 Nd5+ 66. Kc8 Nf6 67. d7+ Nxd7 68. Re7+ Kf8 69. Kxd7 Kg8 70. Re6 1-0

[Event "chess.com Junior Speed"]
[Site "chess.com INT"]
[Date "2019.06.17"]
[Round "1.1"]
[White "Maghsoodloo, Parham"]
[Black "Moroni, Luca Jr"]
[Result "1-0"]
[WhiteTitle "GM"]
[BlackTitle "GM"]
[WhiteElo "2671"]
[BlackElo "2553"]
[WhiteFideId "12539929"]
[BlackFideId "865834"]
[EventDate "2019.05.16"]

1. c4 e6 2. g3 d5 3. Bg2 Nf6 4. Nf3 dxc4 5. Qa4+ Bd7 6. Qxc4 c5 7. d4 Qb6 8. Nc3
Na6 9. O-O Rc8 10. d5 Be7 11. Ne5 O-O 12. Nxd7 Nxd7 13. dxe6 fxe6 14. Na4 Qd6
15. Bxb7 Nb4 16. Bxc8 Rxc8 17. Bf4 Qc6 18. Nc3 Nf6 19. Rad1 Nfd5 20. Be5 Bf6 21.
Bxf6 Nxf6 22. e4 Ng4 23. a3 Ne5 24. Qe2 Na6 25. f4 Nf7 26. f5 Nc7 27. fxe6 Nxe6
28. Nd5 Re8 29. Qh5 Qb7 30. Qg4 Kf8 31. Qf5 Nd4 32. Qxh7 1-0

[Event "chess.com Junior Speed"]
[Site "chess.com INT"]
[Date "2019.06.17"]
[Round "1.2"]
[White "Moroni, Luca Jr"]
[Black "Maghsoodloo, Parham"]
[Result "0-1"]
[WhiteTitle "GM"]
[BlackTitle "GM"]
[WhiteElo "2553"]
[BlackElo "2671"]
[WhiteFideId "865834"]
[BlackFideId "12539929"]
[EventDate "2019.05.16"]

1. d4 Nf6 2. c4 e6 3. Nc3 Bb4 4. Qc2 d6 5. Nf3 Nbd7 6. g3 O-O 7. Bg2 e5 8. O-O
Bxc3 9. Qxc3 e4 10. Ng5 Re8 11. f3 exf3 12. exf3 h6 13. Nh3 d5 14. c5 Nf8 15.
Bd2 b6 16. b4 Ba6 17. Rfe1 Bc4 18. a3 Qd7 19. Nf4 Qf5 20. Bh3 Qh7 21. Bf1 b5 22.
Bd3 g6 23. a4 a6 24. Bc2 c6 25. Nd3 N6d7 26. Ne5 Nxe5 27. dxe5 Ne6 28. Qe3 h5
29. Bc3 h4 30. Kg2 Rad8 31. Bd4 Kg7 32. Rh1 Qh6 33. Qxh6+ Kxh6 34. Rad1 Nxd4 35.
Rxd4 Rxe5 36. Rxh4+ Kg7 37. Rc1 Re2+ 38. Kg1 Rde8 39. axb5 axb5 40. Bd1 Rb2 41.
Rd4 Re1# 0-1

[Event "chess.com Junior Speed"]
[Site "chess.com INT"]
[Date "2019.06.17"]
[Round "1.3"]
[White "Maghsoodloo, Parham"]
[Black "Moroni, Luca Jr"]
[Result "0-1"]
[WhiteTitle "GM"]
[BlackTitle "GM"]
[WhiteElo "2671"]
[BlackElo "2553"]
[WhiteFideId "12539929"]
[BlackFideId "865834"]
[EventDate "2019.05.16"]

1. c4 e6 2. Nf3 d5 3. g3 Nf6 4. b3 d4 5. Bg2 c5 6. O-O Nc6 7. e3 e5 8. exd4 exd4
9. Re1+ Be7 10. d3 O-O 11. a3 a5 12. h3 h6 13. Nbd2 Bf5 14. Nf1 Re8 15. Bf4 Bd6
16. Rxe8+ Nxe8 17. Bxd6 Nxd6 18. g4 Bg6 19. Ng3 Qf6 20. Qd2 Re8 21. Re1 Re7 22.
Rxe7 Qxe7 23. Ne1 f5 24. f4 fxg4 25. hxg4 Qh4 26. Qf2 Qxg4 27. Bf3 Qh4 28. Be4
Bxe4 29. dxe4 Qg4 30. Qf3 Qxf3 31. Nxf3 g6 32. e5 Nf5 33. Nxf5 gxf5 34. Nh4 Ne7
35. Kf2 Kf7 36. Nf3 Ke6 37. Ne1 b6 38. Nd3 Nc6 39. Kg3 a4 40. bxa4 Na5 41. Nb2
d3 42. Nxd3 Nxc4 43. Kh4 Nxa3 44. a5 bxa5 45. Nxc5+ Kd5 46. Na4 Nc4 47. Kh5 Nxe5
48. fxe5 Kxe5 49. Kxh6 f4 50. Kg5 f3 51. Nb2 Kd4 52. Nd1 a4 53. Kf4 a3 54. Kxf3
a2 55. Ne3 Kd3 56. Nd5 a1=Q 0-1

[Event "chess.com Junior Speed"]
[Site "chess.com INT"]
[Date "2019.06.17"]
[Round "1.4"]
[White "Moroni, Luca Jr"]
[Black "Maghsoodloo, Parham"]
[Result "0-1"]
[WhiteTitle "GM"]
[BlackTitle "GM"]
[WhiteElo "2553"]
[BlackElo "2671"]
[WhiteFideId "865834"]
[BlackFideId "12539929"]
[EventDate "2019.05.16"]

1. d4 Nf6 2. c4 e6 3. Nc3 Bb4 4. e3 O-O 5. Bd3 Bxc3+ 6. bxc3 d6 7. Ne2 b6 8. O-O
Nc6 9. f4 d5 10. Ng3 Ba6 11. cxd5 Bxd3 12. Qxd3 exd5 13. e4 dxe4 14. Nxe4 Nxe4
15. Qxe4 Na5 16. f5 Re8 17. Qg4 f6 18. Bh6 Qd7 19. Rae1 Kh8 20. Bf4 c5 21. dxc5
Nb7 22. cxb6 axb6 23. Be3 b5 24. Bd4 Nd8 25. Re4 Nc6 26. Rfe1 b4 27. Qe2 Rec8
28. h3 h6 29. Qh5 Nxd4 30. cxd4 Rg8 31. Qe2 Qxf5 32. Qc4 Qa5 33. d5 Qxa2 34.
Qxa2 Rxa2 35. Rxb4 Rd2 36. Rb5 Rd8 37. Re7 R2xd5 38. Rxd5 Rxd5 39. Kh2 h5 40. h4
Kh7 41. Kh3 Kg6 42. g3 Rd1 43. Rc7 Re1 44. Rb7 Re8 45. Ra7 Rf8 46. Rb7 Rf7 47.
Rb5 Re7 48. Rc5 Kh6 49. Rb5 g6 50. Rb6 Kg7 51. Rc6 Kf7 52. Rb6 Rd7 53. Rc6 Ke7
54. Rb6 Rd6 55. Rb7+ Ke6 56. Rb5 Rd5 57. Rb6+ Kf5 58. Ra6 Re5 59. Rb6 Rd5 60.
Ra6 Ke5 61. Rb6 Rd3 62. Ra6 g5 63. hxg5 fxg5 64. Ra5+ Rd5 65. Ra2 Ke4 66. Kg2
Ke3 67. Ra3+ Rd3 68. Ra5 Rd2+ 69. Kf1 Kf3 70. Ke1 Re2+ 71. Kd1 Rh2 72. Rxg5 Rh3
73. Ke1 Rh1+ 74. Kd2 Rh2+ 75. Ke1 Rh3 76. Kf1 Rh1# 0-1

[Event "chess.com Junior Speed"]
[Site "chess.com INT"]
[Date "2019.06.17"]
[Round "1.5"]
[White "Maghsoodloo, Parham"]
[Black "Moroni, Luca Jr"]
[Result "1-0"]
[WhiteTitle "GM"]
[BlackTitle "GM"]
[WhiteElo "2671"]
[BlackElo "2553"]
[WhiteFideId "12539929"]
[BlackFideId "865834"]
[EventDate "2019.05.16"]

1. Nf3 Nf6 2. g3 d5 3. Bg2 e6 4. O-O c5 5. c3 b6 6. a3 Be7 7. d3 O-O 8. b4 Nbd7
9. Bb2 a5 10. b5 Bb7 11. Nbd2 Qc7 12. c4 d4 13. Qc2 e5 14. Rae1 Bd6 15. e3 Rae8
16. Nh4 Bxg2 17. Kxg2 g6 18. Bc1 Nh5 19. e4 Be7 20. Ndf3 Bf6 21. Kg1 Bg7 22. Qe2
Qd8 23. Ng5 h6 24. Nh3 Kh7 25. Qf3 Qf6 26. Qg2 Qd8 27. Kh1 Bf6 28. Nf3 Bg7 29.
Nhg1 Nhf6 30. Nh4 Ng8 31. Qh3 Qc8 32. f4 exf4 33. gxf4 Ndf6 34. f5 Ne7 35. Ngf3
Nh5 36. Nxg6 fxg6 37. fxg6+ Nxg6 38. Qxh5 Ne5 39. Bxh6 Nxf3 40. Bxg7+ Kxg7 41.
Rxf3 Rxf3 42. Rg1+ Kf6 1-0

[Event "chess.com Junior Speed"]
[Site "chess.com INT"]
[Date "2019.06.17"]
[Round "1.6"]
[White "Moroni, Luca Jr"]
[Black "Maghsoodloo, Parham"]
[Result "0-1"]
[WhiteTitle "GM"]
[BlackTitle "GM"]
[WhiteElo "2553"]
[BlackElo "2671"]
[WhiteFideId "865834"]
[BlackFideId "12539929"]
[EventDate "2019.05.16"]

1. c4 e5 2. Nc3 Bb4 3. Nd5 Bc5 4. Nf3 c6 5. Nc3 Qe7 6. d4 exd4 7. Nxd4 Nf6 8. g3
h5 9. Bg5 Qe5 10. Nf3 Ne4 11. Nxe4 Qxe4 12. Qd3 d5 13. cxd5 Qxd3 14. exd3 cxd5
15. Rc1 Bg4 16. Bg2 Nd7 17. O-O O-O 18. d4 Bd6 19. Be3 Rfc8 20. Rxc8+ Rxc8 21.
Rc1 Rxc1+ 22. Bxc1 f6 23. Ne1 Be6 24. Nd3 Bf7 25. Bf4 Bf8 26. Be3 g5 27. h4 Be7
28. hxg5 fxg5 29. f4 g4 30. Bd2 Nf6 31. Bb4 Bd8 32. Ne5 Be6 33. Bd6 Bf5 34. Bb8
a6 35. Ba7 Be4 36. Bxe4 Nxe4 37. Kg2 Kg7 38. b3 Kf6 39. Bc5 Ke6 40. Nd3 Bf6 41.
Bb6 Kf5 42. Bc5 Nc3 43. a4 Ne2 44. Ne5 Ke4 45. Kf2 Nxd4 46. Bxd4 Kxd4 47. Nd7
Bd8 48. f5 Be7 49. f6 Bd6 50. f7 Kc3 51. f8=Q Bxf8 52. Nxf8 Kxb3 53. Ng6 Kxa4
54. Nf4 Kb3 55. Nxh5 a5 56. Nf6 a4 57. Nxg4 a3 58. Ne5 a2 0-1

[Event "chess.com Junior Speed"]
[Site "chess.com INT"]
[Date "2019.06.17"]
[Round "1.7"]
[White "Maghsoodloo, Parham"]
[Black "Moroni, Luca Jr"]
[Result "1-0"]
[WhiteTitle "GM"]
[BlackTitle "GM"]
[WhiteElo "2671"]
[BlackElo "2553"]
[WhiteFideId "12539929"]
[BlackFideId "865834"]
[EventDate "2019.05.16"]

1. e4 e6 2. d4 d5 3. exd5 exd5 4. Nf3 Nc6 5. Bd3 Bd6 6. c3 Nge7 7. Qc2 Bg4 8.
Nbd2 Qd7 9. h3 Bf5 10. O-O O-O-O 11. Re1 Rde8 12. b3 f6 13. Bb2 g5 14. Bxf5 Nxf5
15. c4 Rxe1+ 16. Rxe1 h5 17. cxd5 Nce7 18. Ne5 Qe8 19. Nec4 Qd7 20. Ne4 Nxd5 21.
Nc5 Bxc5 22. dxc5 g4 23. h4 Nxh4 24. Rd1 Re8 25. Bxf6 Nxg2 26. Kxg2 Nf4+ 27. Kg3
Ne2+ 28. Kh4 Qe6 29. Bg5 g3 30. f3 g2 31. Nd6+ Kb8 32. Nxe8 g1=Q 33. Rd8+ Qc8
34. Rxc8+ Kxc8 35. Qf5+ Kb8 36. Nd6 Qh2+ 37. Qh3 Qxh3+ 38. Kxh3 cxd6 39. cxd6
Kc8 40. Kh4 Nd4 41. f4 Kd7 42. Kxh5 Kxd6 43. Kg6 Ke6 44. Bf6 Nf5 45. Be5 b5 46.
Kg5 a6 47. Kg4 Ne7 48. Bd4 Nf5 49. Bc5 Ng7 50. Kf3 Kd5 51. Bf8 Nf5 52. Kg4 Ke6
53. Bc5 Ng7 54. Bg1 Nf5 55. Bf2 Nd6 56. Bd4 Nf5 57. Be5 Ne7 58. Kf3 Kd5 59. Ke3
Nf5+ 60. Kd3 Ne7 61. Kc3 Nc6 62. Bc7 Ke4 63. a3 Nd4 64. Kb4 Ne6 65. Be5 Kd5 66.
Ka5 Nc5 67. b4 Nd3 68. Kxa6 Kc6 69. Ka5 Nf2 70. a4 bxa4 71. b5+ Kb7 72. Kxa4 Nd3
73. Ka3 Kb6 74. Ka4 Nc5+ 75. Kb4 Nd3+ 76. Kc4 Ne1 77. Bd4+ 1-0

[Event "chess.com Junior Speed"]
[Site "chess.com INT"]
[Date "2019.06.17"]
[Round "1.8"]
[White "Moroni, Luca Jr"]
[Black "Maghsoodloo, Parham"]
[Result "1/2-1/2"]
[WhiteTitle "GM"]
[BlackTitle "GM"]
[WhiteElo "2553"]
[BlackElo "2671"]
[WhiteFideId "865834"]
[BlackFideId "12539929"]
[EventDate "2019.05.16"]

1. d4 Nf6 2. c4 e6 3. Nc3 Bb4 4. Qc2 d6 5. Nf3 Nbd7 6. g3 O-O 7. Bg2 e5 8. O-O
Bxc3 9. Qxc3 e4 10. Ng5 Re8 11. f3 exf3 12. exf3 d5 13. c5 a5 14. Bf4 Nb8 15.
Rfe1 Rxe1+ 16. Rxe1 Nc6 17. Be5 Bf5 18. h4 h6 19. Nh3 Nd7 20. Bf4 Nf8 21. Be3
Ne6 22. Nf4 Nxf4 23. Bxf4 Nb4 24. Bf1 Nxa2 25. Qd2 Nb4 26. g4 Bh7 27. g5 h5 28.
Bb5 Bf5 29. Re8+ Qxe8 30. Bxe8 Rxe8 31. Bxc7 Nd3 32. Be5 a4 33. Qa5 Bd7 34. Qc7
Bc6 35. g6 Nxe5 36. dxe5 fxg6 37. Qd6 Kf7 38. f4 Re6 39. Qc7+ Re7 40. Qd8 Rd7
41. Qg5 d4 42. f5 gxf5 43. Qxf5+ Kg8 44. e6 Re7 45. Kf2 d3 46. Ke3 Bd7 47. Kxd3
Bxe6 48. Qxh5 Bd7 49. Qg5 Rf7 50. Qd8+ Kh7 51. Kd4 Bc6 52. Qg5 Rf6 53. h5 Kg8
54. Kc4 Kh7 55. Kb4 Kg8 56. Ka5 Kh7 57. Kb6 Kg8 58. Kc7 Kh7 59. Kd8 Kg8 60. Ke7
Rf7+ 61. Kd6 Rf6+ 62. Ke5 Kf7 63. Kd4 Kg8 64. Qg3 Kh7 65. Kc3 Kh6 66. Qg4 Kh7
67. Kb4 Kh6 68. Ka5 Be8 69. Qg2 Bc6 70. Qg4 Be8 71. Qg2 Bc6 72. Qg4 1/2-1/2

[Event "chess.com Junior Speed"]
[Site "chess.com INT"]
[Date "2019.06.17"]
[Round "1.9"]
[White "Maghsoodloo, Parham"]
[Black "Moroni, Luca Jr"]
[Result "1-0"]
[WhiteTitle "GM"]
[BlackTitle "GM"]
[WhiteElo "2671"]
[BlackElo "2553"]
[WhiteFideId "12539929"]
[BlackFideId "865834"]
[EventDate "2019.05.16"]

1. Nf3 d5 2. g3 Nf6 3. Bg2 e6 4. O-O c5 5. c3 Nc6 6. a3 a5 7. a4 Bd6 8. d3 O-O
9. Na3 e5 10. Nd2 Be6 11. e4 d4 12. Ndc4 Bc7 13. f4 exf4 14. gxf4 Re8 15. Qc2
Qd7 16. Bd2 Rad8 17. e5 Nd5 18. Nb5 dxc3 19. bxc3 Nde7 20. Ncd6 Bxd6 21. Nxd6
Rf8 22. Rab1 Rb8 23. Be3 b6 24. Be4 Nf5 25. Nxf5 Bxf5 26. Qg2 Bxe4 27. dxe4 Ne7
28. f5 Kh8 29. Bf4 Rb7 30. Kh1 Qxa4 31. Rg1 Rg8 32. e6 Qe8 33. Be5 f6 34. Bd6
Nc6 35. e5 fxe5 36. Bxe5 Re7 37. Bd6 Rb7 38. Rbe1 Ra7 39. Ref1 Ne7 40. Bg3 Ra8
41. Be5 Nc6 42. Bxg7+ Rxg7 43. Qxg7# 1-0

[Event "chess.com Junior Speed"]
[Site "chess.com INT"]
[Date "2019.06.17"]
[Round "1.10"]
[White "Moroni, Luca Jr"]
[Black "Maghsoodloo, Parham"]
[Result "0-1"]
[WhiteTitle "GM"]
[BlackTitle "GM"]
[WhiteElo "2553"]
[BlackElo "2671"]
[WhiteFideId "865834"]
[BlackFideId "12539929"]
[EventDate "2019.05.16"]

1. d4 Nf6 2. Bf4 d6 3. Nc3 Nbd7 4. Nf3 g6 5. e4 Bg7 6. Qd2 c6 7. a4 O-O 8. Bc4
Nxe4 9. Nxe4 d5 10. Bd3 dxe4 11. Bxe4 Nf6 12. Bd3 Bg4 13. Be2 c5 14. Be5 cxd4
15. Qxd4 Qxd4 16. Bxd4 Rfd8 17. c3 Nd5 18. Bxg7 Kxg7 19. g3 e5 20. Rd1 f6 21.
Nd2 Bd7 22. a5 Ba4 23. Ra1 Bc6 24. Bf3 f5 25. Nc4 Kf6 26. O-O Bb5 27. Bxd5 Rxd5
28. Ne3 Rd7 29. c4 Bc6 30. b4 f4 31. Nc2 Rd2 32. Na3 a6 33. Rfe1 Bf3 34. c5 Be2
35. Rac1 f3 36. Nb1 Rb2 37. Nc3 Rd8 38. Rb1 Rc2 39. Ne4+ Ke6 40. Nd6 Rd7 41.
Rec1 Rd2 42. Rc3 Kd5 43. Rbc1 Rd4 44. Rb1 Kc6 45. Rcb3 h5 46. b5+ axb5 47. h4
Kxc5 48. Nxb5 Rd1+ 49. Kh2 Rxb1 50. Rxb1 Bxb5 0-1

[Event "chess.com Junior Speed"]
[Site "chess.com INT"]
[Date "2019.06.17"]
[Round "1.11"]
[White "Maghsoodloo, Parham"]
[Black "Moroni, Luca Jr"]
[Result "0-1"]
[WhiteTitle "GM"]
[BlackTitle "GM"]
[WhiteElo "2671"]
[BlackElo "2553"]
[WhiteFideId "12539929"]
[BlackFideId "865834"]
[EventDate "2019.05.16"]

1. e4 e6 2. d4 d5 3. exd5 exd5 4. Nf3 Nc6 5. Bb5 Bd6 6. O-O Ne7 7. Bg5 f6 8. Bh4
Bg4 9. Bg3 Bxg3 10. fxg3 Qd6 11. c3 O-O-O 12. Nbd2 h5 13. Qc2 g5 14. Rae1 h4 15.
gxh4 gxh4 16. Bd3 Rdg8 17. Kh1 Qd7 18. b4 h3 19. g3 Nf5 20. Nb3 b6 21. Qf2 Nce7
22. Nfd2 Kb8 23. b5 Rf8 24. a4 Nd6 25. Nc5 bxc5 26. dxc5 Ne4 27. Nxe4 dxe4 28.
Bxe4 f5 29. Bf3 Re8 30. c4 Qd3 31. Re3 Qxc4 32. Rfe1 Bxf3+ 33. Qxf3 Nc8 34. c6
Qxa4 35. Rxe8 Rxe8 36. Rf1 Qxb5 37. Qxf5 Qxc6+ 38. Kg1 Qg2# 0-1